Young Countries: Sudden Death - Statistics

General Stats
  • This quiz has been taken 63 times
  • The average score is 14 of 30
Answers on the Grid
Answers color-coded by a green-red scale on the quiz's grid according to % correct below.
Angola
Antigua and Barbuda
Bangladesh
Belize
Bosnia and Herzegovina
Brunei
Canada
Croatia
Cuba
Djibouti
Dominican Republic
Ecuador
Egypt
El Salvador
Eritrea
Guatemala
Guinea-Bissau
Haiti
Honduras
Iceland
Indonesia
Iraq
Ireland
Israel
Kazakhstan
Kiribati
Kosovo
Lebanon
Liberia
Micronesia
Moldova
Monaco
Mongolia
Montenegro
Mozambique
Myanmar
Namibia
New Zealand
Nicaragua
Palau
Philippines
Poland
Romania
Saint Kitts and Nevis
Saint Lucia
Saudi Arabia
Seychelles
Slovakia
Slovenia
South Korea
South Sudan
Sri Lanka
Suriname
Syria
Tanzania
Turkmenistan
Tuvalu
United Arab Emirates
Vatican City
Yemen
 
Answer Stats
Answer % Correct
Bosnia and Herzegovina
100%
Kosovo
75%
Slovakia
75%
Croatia
63%
Kiribati
63%
Moldova
63%
Montenegro
63%
Palau
63%
Angola
50%
Antigua and Barbuda
50%
Djibouti
50%
Guinea-Bissau
50%
Kazakhstan
50%
Micronesia
50%
Saint Kitts and Nevis
50%
Slovenia
50%
Turkmenistan
50%
Bangladesh
38%
Eritrea
38%
Mozambique
38%
South Sudan
38%
Tuvalu
38%
Belize
25%
Brunei
25%
Saint Lucia
25%
Suriname
25%
Tanzania
25%
United Arab Emirates
25%
Namibia
13%
Seychelles
13%
No matching quizzes found
Score Distribution
Percent of People with Each Score
Percentile by Number Answered
Your Score History
You have not taken this quiz